|
|
|
|
| LEADER |
00000nas a2200000 a 4500 |
| 001 |
ssj0002406 |
| 003 |
WaSeSS |
| 005 |
20200512172242.0 |
| 006 |
m d |
| 007 |
cr n |
| 008 |
011105c19389999dcuqr pss 0 a0eng c |
| 010 |
|
|
|a 2008201923
|
| 015 |
|
|
|a GBB637607
|2 bnb
|
| 016 |
7 |
|
|a 016807321
|2 Uk
|
| 022 |
|
|
|a 1943-281X
|l 0033-2747
|y 0033-2747
|
| 035 |
|
|
|a (WaSeSS)ssj0002406
|
| 037 |
|
|
|b Guilford Publications, Inc., 72 Spring Street, New York, NY 10012
|
| 040 |
|
|
|a F#A
|b eng
|e pn
|c F#A
|d OCLCQ
|d COU
|d NTD
|d SBH
|d DLC
|d BUF
|d OCLCQ
|d OCLCO
|d OCLCQ
|d OCLCF
|d CHVBK
|d OCLCO
|d CGU
|d OCLCQ
|d OCLCO
|d TSC
|d NLE
|d UKMGB
|d VT2
|d U3W
|d DLC
|d RDF
|d DLC
|d WaSeSS
|
| 042 |
|
|
|a pcc
|a nsdp
|
| 050 |
0 |
0 |
|a RC321
|
| 082 |
1 |
0 |
|a 132.05
|2 14
|
| 130 |
0 |
|
|a Psychiatry (Washington, D.C. : Online)
|
| 210 |
0 |
|
|a Psychiatry
|b (Wash. D.C., Online)
|
| 222 |
|
0 |
|a Psychiatry
|b (Washington, D.C. Online)
|
| 245 |
1 |
0 |
|a Psychiatry
|h [electronic resource].
|
| 246 |
3 |
|
|a Psychiatry, interpersonal and biological processes
|
| 260 |
|
|
|a [New York, N.Y.] :
|b Guilford Publications
|
| 260 |
|
|
|3 <2012-> :
|a Washington DC :
|b Washington School of Psychiatry
|
| 310 |
|
|
|a Quarterly
|
| 362 |
1 |
|
|a Print began in 1938.
|
| 500 |
|
|
|a A Journal of the Washington School of Psychiatry.
|
| 506 |
|
|
|a License restrictions may limit access.
|
| 538 |
|
|
|a Mode of access: World Wide Web.
|
| 588 |
|
|
|a Description based on: Vol. 64, no. 1 (spring 2001); title from journal information screen (viewed Oct. 26, 2001).
|
| 588 |
|
|
|a Latest issue consulted: Vol. 82, no. 2 (2019) (Taylor & Francis Online, viewed Aug. 23, 2019).
|
| 650 |
|
0 |
|a Psychiatry
|v Periodicals.
|
| 650 |
|
2 |
|a Psychiatry
|v Periodicals.
|
| 650 |
|
7 |
|a Psychiatry.
|2 fast
|0 (OCoLC)fst01081152
|
| 655 |
|
0 |
|a Electronic journals.
|
| 710 |
2 |
|
|a Washington School of Psychiatry.
|
| 776 |
0 |
8 |
|i Print version:
|t Psychiatry
|x 0033-2747
|w (DLC) 40007255
|w (OCoLC)1763044
|
| 850 |
|
|
|a DLC
|
| 856 |
4 |
0 |
|z Full text available from Research Library: 02/01/1994 to 12/31/2014
|u https://search.proquest.com/publication/40665
|